Política e contemporaneidade no Brasil (Record no. 36161)
[ view plain ]
| 000 -CABECERA | |
|---|---|
| campo de control de longitud fija | 00857nam a22003017a 4500 |
| 003 - IDENTIFICADOR DEL NÚMERO DE CONTROL | |
| campo de control | OSt |
| 005 - FECHA Y HORA DE LA ÚLTIMA TRANSACCIÓN | |
| campo de control | 20230705112828.0 |
| 008 - DATOS DE LONGITUD FIJA--INFORMACIÓN GENERAL | |
| campo de control de longitud fija | 230705b ||||| |||| 00| 0 spa d |
| 040 ## - FUENTE DE LA CATALOGACIÓN | |
| Centro/agencia transcriptor | Biblioteca Ernesto Sábato |
| 092 ## - SIGNATURA TOPOGRÁFICA | |
| Número de clasificación | 320.981 |
| Libristica | G924 |
| Sector | BDGR |
| 100 ## - Autor Personal | |
| Nombre de persona | Guedes de Oliveira, Marcos Aurélio |
| 245 ## - MENCIÓN DE TÍTULO | |
| Título | Política e contemporaneidade no Brasil |
| 260 ## - PUBLICACIÓN, DISTRIBUCIÓN, ETC. (PIE DE IMPRENTA) | |
| Lugar de publicación, distribución, etc. | Recife |
| Nombre del editor, distribuidor, etc. | Bagaco |
| Fecha de publicación, distribución, etc. | 1997 |
| 300 ## - DESCRIPCIÓN FÍSICA | |
| Paginas | 361 p. |
| 650 ## - Descriptores Tematicos | |
| Término de materia o nombre geográfico como elemento inicial | BRASIL-CONDICIONES POLITICAS |
| 700 ## - Coautores y traductores | |
| Nombre de persona | Michel Zaidan Filho |
| 700 ## - Coautores y traductores | |
| Nombre de persona | Fernando Magalhaes |
| 700 ## - Coautores y traductores | |
| Nombre de persona | Joanildo Burity |
| 700 ## - Coautores y traductores | |
| Nombre de persona | Gustavo Tavares |
| 700 ## - Coautores y traductores | |
| Nombre de persona | Luciano Oliveira |
| 700 ## - Coautores y traductores | |
| Nombre de persona | Marcus André C. de Melo |
| 700 ## - Coautores y traductores | |
| Nombre de persona | Robinson Cavalcanti |
| 700 ## - Coautores y traductores | |
| Nombre de persona | Jorge Ventura |
| 700 ## - Coautores y traductores | |
| Nombre de persona | Jorge Zaverucha |
| 700 ## - Coautores y traductores | |
| Nombre de persona | Tania Bacelar |
| 700 ## - Coautores y traductores | |
| Nombre de persona | Breno Augusto Souto Maior Fontes |
| 942 ## - ELEMENTOS DE PUNTO DE ACCESO ADICIONAL (KOHA) | |
| Fuente del sistema de clasificación o colocación | Dewey Decimal Classification |
| Tipo de ítem Koha | BDGR |
| Estado de retiro | Estado de pérdida | Fuente del sistema de clasificación o colocación | Estado dañado | No para préstamo | Localización permanente | Ubicación/localización actual | Fecha de adquisición | Número de inventario | Total de préstamos | Signatura topográfica completa | Código de barras | Fecha visto por última vez | Precio válido a partir de | Tipo de ítem Koha |
|---|---|---|---|---|---|---|---|---|---|---|---|---|---|---|
| Dewey Decimal Classification | Biblioteca Ernesto Sabato - FADECS - UNCOMA | Biblioteca Ernesto Sabato - FADECS - UNCOMA | 05/07/2023 | 26658 | 320.981 G924 | 26658 | 05/07/2023 | 05/07/2023 | BDGR |